[Event "Elite Hotels Open 2019"]
[Site "Vaxjo"]
[Date "2019.02.10"]
[Round "7.11"]
[White "Lindgren, Philip"]
[Black "Bohman Karlholm, Adrian"]
[Result "1-0"]
[WhiteElo "2379"]
[BlackElo "2075"]
[Annotator "NA"]
[PlyCount "71"]
[EventDate "2019.02.08"]
[EventType "swiss"]
[EventCountry "SWE"]
[SourceTitle "playchess.com"]
[Source "ChessBase"]
[SourceQuality "1"]
[TimeControl "5400+30"]

1. Nf3 {[%emt 0:00:00]} d5 {[%emt 0:00:00]} 2. g3 {[%emt 0:01:02]} Nf6 {[%emt 0:01:01]} 3. Bg2 {[%emt 0:00:23]} Bf5 {[%emt 0:03:30]} 4. c4 {[%emt 0:02:32]} c6 {[%emt 0:04:01]} 5. cxd5 {[%emt 0:03:22]} cxd5 {[%emt 0:02:01]} 6. Qb3 {[%emt 0:00:22]} Qd7 {[%emt 0:10:57]} 7. Ne5 {[%emt 0:16:21]} Qc7 {[%emt 0:03:04]} 8. Nc3 {[%emt 0:01:44]} Nc6 {[%emt 0:05:16]} 9. d4 {[%emt 0:10:02]} e6 {[%emt 0:07:38]} 10. Qa4 {[%emt 0:13:54]} Rc8 {[%emt 0:11:32]} 11. O-O {[%emt 0:04:29]} a6 {[%emt 0:02:29]} 12. Bf4 {[%emt 0:03:47]} Qb6 {[%emt 0:02:53]} 13. Rac1 {[%emt 0:06:00]} Be7 {[%emt 0:03:29]} 14. Nxc6 {[%emt 0:09:05]} Rxc6 {[%emt 0:02:58]} 15. Qb3 {[%emt 0:08:20]} Qxb3 {[%emt 0:02:09]} 16. axb3 {[%emt 0:00:06]} O-O {[%emt 0:03:08]} 17. f3 {[%emt 0:02:39]} Rfc8 {[%emt 0:05:41]} 18. e4 {[%emt 0:00:43]} Bg6 {[%emt 0:01:58]} 19. Rfe1 {[%emt 0:02:36]} Kf8 {[%emt 0:05:13]} 20. Bh3 {[%emt 0:02:22]} Rd8 {[%emt 0:03:36]} 21. Be5 {[%emt 0:00:53]} dxe4 {[%emt 0:03:00]} 22. fxe4 {[%emt 0:01:50]} b5 {[%emt 0:07:54]} 23. d5 {[%emt 0:02:22]} exd5 {[%emt 0:01:30]} 24. exd5 {[%emt 0:00:07]} Rb6 {[%emt 0:00:56]} 25. Bc7 {[%emt 0:01:01]} Bc5+ {[%emt 0:01:49]} 26. Kh1 {[%emt 0:00:21]} Rbd6 {[%emt 0:02:01]} 27. Nxb5 {[%emt 0:03:08]} axb5 {[%emt 0:00:42]} 28. Rxc5 {[%emt 0:03:10]} Ne4 {[%emt 0:01:34]} 29. Bxd6+ {[%emt 0:00:46]} Nxd6 {[%emt 0:00:50]} 30. Rc7 {[%emt 0:00:39]} b4 {[%emt 0:00:59]} 31. Rd7 {[%emt 0:00:40]} Rxd7 {[%emt 0:00:21]} 32. Bxd7 {[%emt 0:00:05]} Be4+ {[%emt 0:00:09]} 33. Kg1 {[%emt 0:00:04]} Bxd5 {[%emt 0:00:05]} 34. Rd1 {[%emt 0:00:07]} Ke7 {[%emt 0:00:58]} 35. Rxd5 {[%emt 0:00:05]} Kxd7 {[%emt 0:00:05]} 36. Rd4 {[%emt 0:00:05]} 1-0

[Event "Elite Hotels Open 2019"]
[Site "Vaxjo"]
[Date "2019.02.10"]
[Round "7.12"]
[White "Svensson, Mikael"]
[Black "Dragicevic, Drazen"]
[Result "0-1"]
[WhiteElo "2128"]
[BlackElo "2339"]
[Annotator "NA"]
[PlyCount "138"]
[EventDate "2019.02.08"]
[EventType "swiss"]
[EventCountry "SWE"]
[SourceTitle "playchess.com"]
[Source "ChessBase"]
[SourceQuality "1"]
[TimeControl "5400+30"]

1. d4 {[%emt 0:00:00]} Nf6 {[%emt 0:05:23]} 2. Nf3 {[%emt 0:00:00]} e6 {[%emt 0:00:30]} 3. Bg5 {[%emt 0:00:00]} b6 {[%emt 0:00:33]} 4. e3 {[%emt 0:00:24]} h6 {[%emt 0:00:24]} 5. Bh4 {[%emt 0:00:06]} Bb7 {[%emt 0:00:07]} 6. Bd3 {[%emt 0:00:47]} c5 {[%emt 0:00:49]} 7. c3 {[%emt 0:00:09]} Be7 {[%emt 0:00:28]} 8. Nbd2 {[%emt 0:00:22]} g5 {[%emt 0:22:40]} 9. Bg3 {[%emt 0:00:07]} g4 {[%emt 0:00:07]} 10. Ne5 {[%emt 0:07:42]} h5 {[%emt 0:03:14]} 11. Qc2 {[%emt 0:08:06]} d6 {[%emt 0:15:52]} 12. Qa4+ {[%emt 0:28:39]} Kf8 {[%emt 0:00:18]} 13. Nec4 {[%emt 0:01:02]} h4 {[%emt 0:06:00]} 14. Bf4 {[%emt 0:02:51]} h3 {[%emt 0:02:57]} 15. e4 {[%emt 0:00:16]} cxd4 {[%emt 0:05:10]} 16. cxd4 {[%emt 0:02:36]} d5 {[%emt 0:01:43]} 17. Nd6 {[%emt 0:08:52]} Bxd6 {[%emt 0:14:17]} 18. Bxd6+ {[%emt 0:00:06]} Qxd6 {[%emt 0:00:05]} 19. e5 {[%emt 0:00:04]} Qd8 {[%emt 0:01:24]} 20. Qa3+ {[%emt 0:08:57]} Qe7 {[%emt 0:03:27]} 21. Qxe7+ {[%emt 0:01:21]} Kxe7 {[%emt 0:00:05]} 22. exf6+ {[%emt 0:00:04]} Kxf6 {[%emt 0:00:07]} 23. gxh3 {[%emt 0:00:27]} Rxh3 {[%emt 0:00:51]} 24. Be2 {[%emt 0:04:23]} Rh4 {[%emt 0:00:21]} 25. Nf1 {[%emt 0:04:32]} Ba6 {[%emt 0:02:03]} 26. Rc1 {[%emt 0:03:13]} Bxe2 {[%emt 0:00:14]} 27. Kxe2 {[%emt 0:00:02]} Na6 {[%emt 0:00:15]} 28. Rg1 {[%emt 0:02:34]} Ke7 {[%emt 0:02:34]} 29. Rg3 {[%emt 0:00:12]} Kd7 {[%emt 0:01:48]} 30. Rgc3 {[%emt 0:02:14]} Rhh8 {[%emt 0:01:26]} 31. f3 {[%emt 0:04:40]} gxf3+ {[%emt 0:00:26]} 32. Rxf3 {[%emt 0:00:24]} f5 {[%emt 0:01:21]} 33. Rg3 {[%emt 0:00:33]} Rhg8 {[%emt 0:01:44]} 34. Nd2 {[%emt 0:02:28]} Rxg3 {[%emt 0:01:42]} 35. hxg3 {[%emt 0:00:06]} Rg8 {[%emt 0:00:37]} 36. Rc3 {[%emt 0:00:53]} Nb4 {[%emt 0:00:55]} 37. Nf3 {[%emt 0:00:32]} Nc6 {[%emt 0:00:52]} 38. b4 {[%emt 0:03:12]} b5 {[%emt 0:00:12]} 39. a4 {[%emt 0:00:36]} Rb8 {[%emt 0:00:34]} 40. a5 {[%emt 0:00:46]} Rc8 {[%emt 0:01:50]} 41. Rb3 {[%emt 0:00:41]} Kd6 {[%emt 0:00:34]} 42. Kf2 {[%emt 0:01:34]} Ne7 {[%emt 0:01:33]} 43. Ne5 {[%emt 0:00:35]} Rc2+ {[%emt 0:00:09]} 44. Kf3 {[%emt 0:00:23]} Nc6 {[%emt 0:00:50]} 45. Nxc6 {[%emt 0:00:41]} Rxc6 {[%emt 0:00:06]} 46. Ke3 {[%emt 0:00:42]} Rc4 {[%emt 0:00:15]} 47. Kd3 {[%emt 0:00:24]} Ke7 {[%emt 0:00:21]} 48. Rb1 {[%emt 0:00:11]} Kf6 {[%emt 0:00:33]} 49. Rh1 {[%emt 0:00:46]} Kg7 {[%emt 0:02:16]} 50. Re1 {[%emt 0:00:23]} Kf6 {[%emt 0:00:43]} 51. Rh1 {[%emt 0:00:07]} Rxb4 {[%emt 0:00:06]} 52. Rh6+ {[%emt 0:01:03]} Kg5 {[%emt 0:00:17]} 53. Rxe6 {[%emt 0:00:04]} Rb3+ {[%emt 0:00:06]} 54. Kc2 {[%emt 0:01:02]} Rxg3 {[%emt 0:00:13]} 55. Ra6 {[%emt 0:00:17]} Ra3 {[%emt 0:01:31]} 56. Rxa7 {[%emt 0:00:16]} Kf4 {[%emt 0:00:11]} 57. a6 {[%emt 0:00:32]} Ke4 {[%emt 0:01:11]} 58. Ra8 {[%emt 0:00:08]} Kxd4 {[%emt 0:00:15]} 59. a7 {[%emt 0:00:07]} b4 {[%emt 0:01:03]} 60. Kb2 {[%emt 0:00:52]} f4 {[%emt 0:01:13]} 61. Rf8 {[%emt 0:01:31]} Rxa7 {[%emt 0:00:05]} 62. Rxf4+ {[%emt 0:00:07]} Kc5 {[%emt 0:00:09]} 63. Kb3 {[%emt 0:00:12]} Ra3+ {[%emt 0:00:10]} 64. Kb2 {[%emt 0:00:06]} Rg3 {[%emt 0:00:14]} 65. Rh4 {[%emt 0:00:22]} Re3 {[%emt 0:01:03]} 66. Rg4 {[%emt 0:00:20]} Re4 {[%emt 0:00:11]} 67. Rg8 {[%emt 0:01:03]} Kc4 {[%emt 0:00:45]} 68. Rc8+ {[%emt 0:00:42]} Kd3 {[%emt 0:00:33]} 69. Kb3 {[%emt 0:00:27]} Ke2 {[%emt 0:01:44]} 0-1

[Event "Elite Hotels Open 2019"]
[Site "Vaxjo"]
[Date "2019.02.10"]
[Round "7.13"]
[White "Stahlberg, David"]
[Black "Lindh, Fredrik"]
[Result "1/2-1/2"]
[WhiteElo "2079"]
[BlackElo "2244"]
[Annotator "NA"]
[PlyCount "79"]
[EventDate "2019.02.08"]
[EventType "swiss"]
[EventCountry "SWE"]
[SourceTitle "playchess.com"]
[Source "ChessBase"]
[SourceQuality "1"]
[TimeControl "5400+30"]

1. Nf3 {[%emt 0:00:00]} Nf6 {[%emt 0:00:00]} 2. d4 {[%emt 0:00:00]} g6 {[%emt 0:00:00]} 3. e3 {[%emt 0:00:41]} Bg7 {[%emt 0:00:24]} 4. Be2 {[%emt 0:00:07]} O-O {[%emt 0:01:50]} 5. O-O {[%emt 0:00:07]} c5 {[%emt 0:01:12]} 6. c3 {[%emt 0:00:17]} d5 {[%emt 0:10:09]} 7. Nbd2 {[%emt 0:04:51]} cxd4 {[%emt 0:00:26]} 8. exd4 {[%emt 0:00:21]} Nc6 {[%emt 0:00:13]} 9. Re1 {[%emt 0:00:19]} Bd7 {[%emt 0:06:40]} 10. Bd3 {[%emt 0:01:56]} Rc8 {[%emt 0:02:18]} 11. h3 {[%emt 0:04:33]} Nh5 {[%emt 0:08:37]} 12. Nb3 {[%emt 0:04:43]} Qc7 {[%emt 0:06:00]} 13. Bd2 {[%emt 0:03:42]} b6 {[%emt 0:01:38]} 14. Rc1 {[%emt 0:17:38]} Nf4 {[%emt 0:20:33]} 15. Bf1 {[%emt 0:02:49]} Nh5 {[%emt 0:07:46]} 16. c4 {[%emt 0:09:04]} dxc4 {[%emt 0:04:48]} 17. Bxc4 {[%emt 0:00:27]} Qd6 {[%emt 0:00:06]} 18. a3 {[%emt 0:10:49]} a5 {[%emt 0:06:36]} 19. Be3 {[%emt 0:02:05]} a4 {[%emt 0:01:54]} 20. Nbd2 {[%emt 0:02:29]} Na5 {[%emt 0:00:26]} 21. Ne4 {[%emt 0:01:57]} Qb8 {[%emt 0:01:21]} 22. Ba2 {[%emt 0:01:16]} Qb7 {[%emt 0:03:18]} 23. Neg5 {[%emt 0:11:28]} e6 {[%emt 0:08:56]} 24. Bd2 {[%emt 0:06:25]} Rxc1 {[%emt 0:01:00]} 25. Bxc1 {[%emt 0:00:08]} h6 {[%emt 0:01:03]} 26. Ne4 {[%emt 0:05:05]} Bc6 {[%emt 0:00:31]} 27. Nd6 {[%emt 0:01:10]} Bxf3 {[%emt 0:02:06]} 28. gxf3 {[%emt 0:01:54]} Qd7 {[%emt 0:01:10]} 29. Nxf7 {[%emt 0:00:32]} Rxf7 {[%emt 0:02:16]} 30. Bxe6 {[%emt 0:01:19]} Qxd4 {[%emt 0:00:04]} 31. Qc2 {[%emt 0:02:18]} Qf6 {[%emt 0:00:15]} 32. Bxf7+ {[%emt 0:01:56]} Qxf7 {[%emt 0:00:06]} 33. Qxa4 {[%emt 0:00:29]} Qxf3 {[%emt 0:00:37]} 34. Qe8+ {[%emt 0:01:45]} Kh7 {[%emt 0:00:08]} 35. Qe6 {[%emt 0:01:07]} Ng3 {[%emt 0:02:13]} 36. fxg3 {[%emt 0:01:05]} Qxg3+ {[%emt 0:00:05]} 37. Kh1 {[%emt 0:00:20]} Qf3+ {[%emt 0:00:05]} 38. Kh2 {[%emt 0:00:26]} Qf2+ {[%emt 0:00:09]} 39. Kh1 {[%emt 0:00:04]} Qf3+ {[%emt 0:00:10]} 40. Kh2 {[%emt 0:00:05]} 1/2-1/2

[Event "Elite Hotels Open 2019"]
[Site "Vaxjo"]
[Date "2019.02.10"]
[Round "7.14"]
[White "Lindborg, Patrik"]
[Black "Torngren, Gustav"]
[Result "1-0"]
[WhiteElo "2210"]
[BlackElo "2057"]
[Annotator "NA"]
[PlyCount "61"]
[EventDate "2019.02.08"]
[EventType "swiss"]
[EventCountry "SWE"]
[SourceTitle "playchess.com"]
[Source "ChessBase"]
[SourceQuality "1"]
[TimeControl "5400+30"]

1. d4 {[%emt 0:00:00]} Nf6 {[%emt 0:00:00]} 2. c4 {[%emt 0:00:00]} e6 {[%emt 0:00:00]} 3. Nf3 {[%emt 0:00:00]} c5 {[%emt 0:01:57]} 4. d5 {[%emt 0:00:20]} exd5 {[%emt 0:00:16]} 5. cxd5 {[%emt 0:00:03]} d6 {[%emt 0:00:12]} 6. Nc3 {[%emt 0:00:10]} g6 {[%emt 0:00:14]} 7. e4 {[%emt 0:02:55]} Bg7 {[%emt 0:00:38]} 8. h3 {[%emt 0:00:16]} O-O {[%emt 0:00:23]} 9. Bd3 {[%emt 0:00:03]} Re8 {[%emt 0:00:37]} 10. O-O {[%emt 0:00:45]} a6 {[%emt 0:12:19]} 11. a4 {[%emt 0:01:36]} Nbd7 {[%emt 0:00:14]} 12. Rb1 {[%emt 0:18:21]} Qc7 {[%emt 0:02:02]} 13. b3 {[%emt 0:05:47]} c4 {[%emt 0:12:13]} 14. bxc4 {[%emt 0:00:34]} Nc5 {[%emt 0:00:19]} 15. Re1 {[%emt 0:01:49]} Nfd7 {[%emt 0:01:06]} 16. Qc2 {[%emt 0:07:02]} Nxd3 {[%emt 0:05:41]} 17. Qxd3 {[%emt 0:00:03]} Nc5 {[%emt 0:00:18]} 18. Qc2 {[%emt 0:13:31]} f5 {[%emt 0:03:12]} 19. Be3 {[%emt 0:10:09]} b6 {[%emt 0:08:33]} 20. Nd4 {[%emt 0:03:20]} Nxe4 {[%emt 0:10:56]} 21. Nxe4 {[%emt 0:00:44]} Rxe4 {[%emt 0:00:08]} 22. Nc6 {[%emt 0:00:45]} Bd7 {[%emt 0:02:08]} 23. Qb3 {[%emt 0:09:40]} Rae8 {[%emt 0:05:00]} 24. Rec1 {[%emt 0:01:08]} f4 {[%emt 0:08:36]} 25. Bxb6 {[%emt 0:02:39]} Qc8 {[%emt 0:00:57]} 26. c5 {[%emt 0:01:41]} dxc5 {[%emt 0:00:56]} 27. Bxc5 {[%emt 0:00:40]} f3 {[%emt 0:03:15]} 28. Ne7+ {[%emt 0:01:11]} R8xe7 {[%emt 0:00:08]} 29. Bxe7 {[%emt 0:00:13]} Qe8 {[%emt 0:00:27]} 30. d6+ {[%emt 0:00:35]} Be6 {[%emt 0:00:48]} 31. Qxf3 {[%emt 0:01:10]} 1-0

[Event "Elite Hotels Open 2019"]
[Site "Vaxjo"]
[Date "2019.02.10"]
[Round "7.15"]
[White "Goransson, Martin"]
[Black "Olofsson-Dolk, Mattis"]
[Result "1-0"]
[WhiteElo "2074"]
[BlackElo "2172"]
[Annotator "NA"]
[PlyCount "67"]
[EventDate "2019.02.08"]
[EventType "swiss"]
[EventCountry "SWE"]
[SourceTitle "playchess.com"]
[Source "ChessBase"]
[SourceQuality "1"]
[TimeControl "5400+30"]

1. c4 {[%emt 0:00:00]} g6 {[%emt 0:00:00]} 2. g3 {[%emt 0:00:00]} c5 {[%emt 0:00:00]} 3. Bg2 {[%emt 0:00:00]} Bg7 {[%emt 0:00:00]} 4. Nc3 {[%emt 0:00:14]} Nc6 {[%emt 0:00:00]} 5. Nf3 {[%emt 0:00:09]} d6 {[%emt 0:00:22]} 6. O-O {[%emt 0:00:18]} e6 {[%emt 0:00:05]} 7. e3 {[%emt 0:03:30]} Nge7 {[%emt 0:00:15]} 8. d4 {[%emt 0:00:27]} O-O {[%emt 0:00:17]} 9. b3 {[%emt 0:02:52]} cxd4 {[%emt 0:01:19]} 10. Nxd4 {[%emt 0:06:25]} Nxd4 {[%emt 0:00:32]} 11. exd4 {[%emt 0:00:04]} Nf5 {[%emt 0:00:14]} 12. Ne2 {[%emt 0:00:36]} Rb8 {[%emt 0:04:36]} 13. Bb2 {[%emt 0:04:17]} Bd7 {[%emt 0:02:47]} 14. Qd2 {[%emt 0:03:49]} Qc7 {[%emt 0:05:44]} 15. Rfd1 {[%emt 0:08:30]} Rfd8 {[%emt 0:06:38]} 16. a4 {[%emt 0:17:05]} Be8 {[%emt 0:04:33]} 17. d5 {[%emt 0:08:52]} e5 {[%emt 0:02:50]} 18. Bh3 {[%emt 0:04:10]} Bd7 {[%emt 0:02:39]} 19. g4 {[%emt 0:04:30]} Nh4 {[%emt 0:06:12]} 20. Qe3 {[%emt 0:00:20]} f5 {[%emt 0:00:46]} 21. Qg3 {[%emt 0:00:58]} fxg4 {[%emt 0:00:33]} 22. Bxg4 {[%emt 0:00:07]} Bxg4 {[%emt 0:08:01]} 23. Qxg4 {[%emt 0:00:05]} Nf5 {[%emt 0:00:13]} 24. Ng3 {[%emt 0:00:37]} Nxg3 {[%emt 0:01:42]} 25. hxg3 {[%emt 0:02:01]} Rf8 {[%emt 0:00:36]} 26. Qe6+ {[%emt 0:03:24]} Kh8 {[%emt 0:02:31]} 27. Ba3 {[%emt 0:00:10]} Rf6 {[%emt 0:00:49]} 28. Qg4 {[%emt 0:01:04]} Rbf8 {[%emt 0:03:55]} 29. Rf1 {[%emt 0:01:46]} Qf7 {[%emt 0:09:54]} 30. Ra2 {[%emt 0:01:14]} Bh6 {[%emt 0:02:46]} 31. Re2 {[%emt 0:00:24]} Be3 {[%emt 0:03:49]} 32. Bxd6 {[%emt 0:00:52]} Rxd6 {[%emt 0:09:08]} 33. Rxe3 {[%emt 0:00:08]} Rf6 {[%emt 0:00:11]} 34. Qe2 {[%emt 0:00:27]} 1-0

[Event "Elite Hotels Open 2019"]
[Site "Vaxjo"]
[Date "2019.02.10"]
[Round "7.16"]
[White "Lindahl, Emil"]
[Black "Mardell, Jonas"]
[Result "1-0"]
[WhiteElo "2160"]
[BlackElo "2029"]
[Annotator "NA"]
[PlyCount "61"]
[EventDate "2019.02.08"]
[EventType "swiss"]
[EventCountry "SWE"]
[SourceTitle "playchess.com"]
[Source "ChessBase"]
[SourceQuality "1"]
[TimeControl "5400+30"]

1. Nf3 {[%emt 0:03:41]} c5 {[%emt 0:00:01]} 2. c4 {[%emt 0:03:03]} Nc6 {[%emt 0:02:52]} 3. g3 {[%emt 0:00:38]} Nf6 {[%emt 0:02:12]} 4. Bg2 {[%emt 0:00:13]} d6 {[%emt 0:02:00]} 5. O-O {[%emt 0:01:53]} g6 {[%emt 0:19:33]} 6. b3 {[%emt 0:03:01]} Bg7 {[%emt 0:00:09]} 7. Bb2 {[%emt 0:00:05]} O-O {[%emt 0:06:28]} 8. Nc3 {[%emt 0:04:55]} Bf5 {[%emt 0:07:16]} 9. d3 {[%emt 0:04:28]} Qd7 {[%emt 0:03:46]} 10. Re1 {[%emt 0:01:05]} e5 {[%emt 0:03:02]} 11. e3 {[%emt 0:04:54]} Nb4 {[%emt 0:05:50]} 12. Bf1 {[%emt 0:10:36]} e4 {[%emt 0:08:13]} 13. dxe4 {[%emt 0:02:03]} Nxe4 {[%emt 0:02:23]} 14. Na4 {[%emt 0:08:21]} Bxb2 {[%emt 0:04:26]} 15. Nxb2 {[%emt 0:00:08]} Bg4 {[%emt 0:00:29]} 16. a3 {[%emt 0:24:09]} Ng5 {[%emt 0:12:44]} 17. Nxg5 {[%emt 0:01:39]} Bxd1 {[%emt 0:00:32]} 18. Rexd1 {[%emt 0:01:53]} Qe7 {[%emt 0:02:17]} 19. Nh3 {[%emt 0:05:31]} Nc2 {[%emt 0:04:30]} 20. Ra2 {[%emt 0:00:44]} Qf6 {[%emt 0:06:44]} 21. Na4 {[%emt 0:02:39]} Qf3 {[%emt 0:01:46]} 22. Nc3 {[%emt 0:05:14]} Nxe3 {[%emt 0:02:22]} 23. Rd3 {[%emt 0:00:31]} Rae8 {[%emt 0:00:01]} 24. Nd5 {[%emt 0:00:18]} Re5 {[%emt 0:01:05]} 25. Nhf4 {[%emt 0:05:53]} g5 {[%emt 0:00:13]} 26. Be2 {[%emt 0:00:27]} Qxe2 {[%emt 0:00:54]} 27. Nxe2 {[%emt 0:00:17]} Nf5 {[%emt 0:01:01]} 28. Nf6+ {[%emt 0:00:58]} Kg7 {[%emt 0:00:14]} 29. Nd7 {[%emt 0:00:11]} Rxe2 {[%emt 0:00:35]} 30. Rxe2 {[%emt 0:00:07]} Rd8 {[%emt 0:00:09]} 31. Nxc5 {[%emt 0:00:16]} 1-0

[Event "Elite Hotels Open 2019"]
[Site "Vaxjo"]
[Date "2019.02.10"]
[Round "8.2"]
[White "Blomqvist, Erik"]
[Black "Hillarp Persson, Tiger"]
[Result "1/2-1/2"]
[WhiteElo "2483"]
[BlackElo "2558"]
[Annotator "TA"]
[PlyCount "72"]
[EventDate "2019.02.08"]
[EventType "swiss"]
[EventCountry "SWE"]
[SourceTitle "playchess.com"]
[Source "ChessBase"]
[SourceQuality "1"]

{[%evp 17,72,16,27,-8,-23,-19,-20,-61,0,-14,28,0,16,-11,-14,-20,54,65,68,67,47,63,82,78,79,82,87,87,92,41,25,32,33,36,35,41,39,14,43,43,43,43,52,41,76,44,35,39,176,14,14,0,14,14,19,0,6]} 1. e4 c5 2. Nf3 d6 3. d4 cxd4 4. Nxd4 Nf6 5. Nc3 a6 6. g3 e6 7. Bg2 Be7 8. O-O Qc7 9. Re1 O-O 10. g4 {B80: Sicilian Scheveningen: 6 g3 and 6 Be3, including English Attack} (10. a4 Nc6 11. b3 Nxd4 12. Qxd4 b6 13. Bb2 Bb7 14. Re2 Rfd8 15. Rd1 Rac8 16. h3 Ne8 17. Qe3 Qc5 18. Rd3 Qxe3 19. Rdxe3 Rc7 20. Nb1 {½-½ (38) De Firmian,N (2549)-Sandipan,C (2640) New York 2010}) 10... Nc6 11. g5 {[#] And now Nxc6 would win.} Nd7 12. a4 $146 ({Predecessor:} 12. Nce2 Re8 13. f4 Bf8 14. Be3 Rb8 15. Bf2 g6 16. Qd2 Nxd4 17. Nxd4 b6 18. Re3 Bb7 19. Rc3 Qd8 20. Nc6 Bxc6 21. Rxc6 Nc5 22. Bxc5 dxc5 23. Rd1 Qe7 {½-½ (23) Simacek,P (2439)-Kunte,A (2532) Olomouc 2004}) 12... Re8 13. h4 g6 14. h5 Rb8 15. h6 Qd8 16. f4 Nxd4 (16... e5 $11 17. Nf3 exf4) 17. Qxd4 $14 {[%csl Gh6][%cal Rd4g7] [#]} Qb6 18. Qxb6 Nxb6 19. Rd1 Bd7 20. a5 Nc8 21. Be3 Bc6 22. Kf2 f5 23. Bf3 (23. exf5 $16 gxf5 24. Ne2) 23... fxe4 24. Nxe4 Bxe4 25. Bxe4 d5 26. Bd3 Nd6 27. Bd4 Kf7 28. Re1 Rbc8 29. Re2 Nf5 30. Be5 Rc6 31. Ra4 Rec8 32. Kf3 Bd6 ({Black should play} 32... Nd6 $14) 33. Bxd6 $2 (33. Bxf5 $1 $18 gxf5 34. Bxd6 Rxd6 35. Rb4) 33... Nxd6 $11 {The position is equal.} 34. Rb4 Ke7 35. Re1 Rf8 36. Ke3 Rc5 {Accuracy: White = 33%, Black = 42%.} 1/2-1/2

[Event "Elite Hotels Open 2019"]
[Site "Vaxjo"]
[Date "2019.02.10"]
[Round "8.3"]
[White "Bellon Lopez, Juan Manuel"]
[Black "Golubka, Petro"]
[Result "1/2-1/2"]
[WhiteElo "2336"]
[BlackElo "2471"]
[Annotator "ChessBase"]
[PlyCount "52"]
[EventDate "2019.02.08"]
[EventType "swiss"]
[EventCountry "SWE"]
[SourceTitle "playchess.com"]
[Source "ChessBase"]
[SourceQuality "1"]
[TimeControl "5400+30"]

1. d4 {[%emt 0:00:00]} Nf6 {[%emt 0:00:00]} 2. Bg5 {[%emt 0:00:00]} Ne4 {[%emt 0:00:13]} 3. h4 {[%emt 0:00:04]} c5 {[%emt 0:00:52]} 4. d5 {[%emt 0:00:13]} Qb6 {[%emt 0:00:14]} 5. Nd2 {[%emt 0:00:09]} Nxd2 {[%emt 0:02:11]} 6. Bxd2 {[%emt 0:00:18]} e5 {[%emt 0:00:11]} 7. e4 {[%emt 0:02:13]} Be7 {[%emt 0:02:47]} 8. Bc3 {[%emt 0:05:51]} d6 {[%emt 0:00:18]} 9. f4 {[%emt 0:00:07]} exf4 {[%emt 0:03:00]} 10. Bxg7 {[%emt 0:00:11]} Qb4+ {[%emt 0:01:35]} 11. Bc3 {[%emt 0:17:59]} Qxe4+ {[%emt 0:00:48]} 12. Qe2 {[%emt 0:00:28]} Qxe2+ {[%emt 0:02:18]} 13. Bxe2 {[%emt 0:10:27]} Rg8 {[%emt 0:00:20]} 14. O-O-O {[%emt 0:00:28]} Rxg2 {[%emt 0:14:25]} 15. Re1 {[%emt 0:04:18]} Kd8 {[%emt 0:06:35]} 16. Bf3 {[%emt 0:09:00]} Rg3 {[%emt 0:02:51]} 17. Be4 {[%emt 0:02:57]} Bg4 {[%emt 0:02:12]} 18. Bd2 {[%emt 0:06:04]} f3 {[%emt 0:01:04]} 19. Rf1 {[%emt 0:01:02]} Nd7 {[%emt 0:05:15]} 20. Bf4 {[%emt 0:02:51]} Rg2 {[%emt 0:11:04]} 21. Nxf3 {[%emt 0:02:05]} Bxf3 {[%emt 0:12:51]} 22. Bxf3 {[%emt 0:00:14]} Rg8 {[%emt 0:00:50]} 23. Bh5 {[%emt 0:01:42]} Kc7 {[%emt 0:03:46]} 24. Bxf7 {[%emt 0:00:46]} Rg2 {[%emt 0:00:26]} 25. Be6 {[%emt 0:02:45]} Rf8 {[%emt 0:00:44]} 26. a4 {[%emt 0:11:45]} Ne5 {[%emt 0:02:11]} 1/2-1/2

[Event "Elite Hotels Open 2019"]
[Site "Vaxjo"]
[Date "2019.02.10"]
[Round "8.4"]
[White "Lindberg, Bengt"]
[Black "Cramling, Pia"]
[Result "1/2-1/2"]
[WhiteElo "2377"]
[BlackElo "2462"]
[Annotator "TA"]
[PlyCount "95"]
[EventDate "2019.02.08"]
[EventType "swiss"]
[EventCountry "SWE"]
[SourceTitle "playchess.com"]
[Source "ChessBase"]
[SourceQuality "1"]

{[%evp 22,95,4,0,57,55,41,50,47,56,54,42,23,19,52,35,40,22,72,22,77,26,6,31,18,0,0,0,0,-10,-25,-16,-4,-4,-5,-4,-6,-6,-14,-23,8,8,8,0,76,35,94,81,118,92,108,55,83,58,77,43,40,14,80,84,130,130,118,16,20,0,0,0,0,0,0,0,0,0,0,0]} 1. e4 c5 2. Nf3 d6 3. d4 cxd4 4. Nxd4 Nf6 5. Nc3 Nc6 6. Bg5 e6 7. Qd2 a6 8. O-O-O Bd7 9. f3 b5 10. Nxc6 Bxc6 11. Ne2 h6 12. Be3 e5 {B66: Sicilian: Richter-Rauzer: 7...a6 8 0-0-0 h6} (12... Bb7 $11) (12... Qc7 13. Nd4 Bb7 14. Kb1 e5 15. Nb3 d5 16. Qa5 Qc8 17. a4 Be7 18. axb5 axb5 19. Bxb5+ Kf8 20. Qb6 d4 21. Bxd4 exd4 22. Rxd4 Bd8 23. Rxd8+ Qxd8 24. Qxb7 Rb8 25. Qa6 Ra8 26. Qb7 Rb8 27. Qa6 {½-½ (27) Mista,A (2613)-Vovk,A (2614) Arad 2014}) 13. Nc3 $14 Be7 14. Kb1 Rb8 {White is slightly better.} 15. g4 a5 $146 ({Predecessor:} 15... b4 16. Nd5 Nxd5 17. exd5 Bb5 18. h4 O-O 19. g5 h5 20. f4 exf4 21. Bxf4 {0-1 (35) Chandra,A (2510)-Bartholomew,J (2472) Saint Louis 2018}) 16. h3 b4 17. Nd5 Bxd5 18. exd5 Qc7 19. h4 Nd7 20. f4 exf4 (20... a4 $1 $11 {keeps the balance.}) 21. Bd4 (21. Bxf4 $16 a4 22. Rh3) 21... Bf6 22. Bxf6 Nxf6 23. Qxf4 Nd7 24. Bd3 Ne5 25. g5 h5 26. g6 O-O 27. Qg5 Nxd3 28. Rxd3 fxg6 29. Qxg6 Rf2 30. Rc1 Rbf8 (30... Rc8 $5 {[%cal Rc7c2]} 31. Rdd1 a4 $11) 31. Qxh5 Qc4 {[#] Strongly threatening ...Rxc2!} 32. Rdd1 R2f6 (32... a4 $11 {remains equal.} 33. Qg6 a3) 33. Rg1 {Rxg7+! would kill now.} R8f7 (33... Rf1 $14 34. b3 Rxc1+ 35. Rxc1 Qe4) 34. b3 $36 {[%mdl 2048] White is really pushing.} Qc3 35. Rce1 Rf2 36. Re8+ Rf8 37. Rxf8+ Kxf8 {[%mdl 4096] Endgame KQR-KQR} 38. Qg6 Qf6 39. Qxf6+ (39. Qg3 {feels hotter.} Re2 40. Qg4 Qe5 41. Rf1+ Kg8 42. Qe6+) 39... Rxf6 $14 {KR-KR} (39... gxf6 $11 40. Re1 Rh2) 40. Rg4 Rf1+ 41. Kb2 Rd1 42. Rg5 (42. a3 $16) 42... Rd2 {The position is equal.} 43. h5 Kf7 44. Rf5+ Ke7 45. Kc1 Rd4 46. Kb2 Rd2 47. Rg5 Kf7 48. Rf5+ {Accuracy: White = 55%, Black = 49%.} 1/2-1/2